000 00547nam a22001697a 4500
005 20251108170840.0
008 250721s1996 xx 000 0 ara d
082 1 4 _a387.544/عبد
100 1 _aعنبر، عبد الحميد مرسي
245 1 0 _aأنظمة التفريغ في الميناء عملياً و قانونياً /
264 1 _aالإسكندريه :
_bمؤسسة شباب الجامعة،
_c1996.
300 _a79ص
650 1 7 _aالنقل البحري
650 1 7 _aالحاويات
942 _2ddc
_cBK
999 _c50460
_d50460